| 000 | 00453cam a2200181ua 4500 | ||
|---|---|---|---|
| 020 | _cRs 0.35 | ||
| 041 |
_aeng _h |
||
| 082 |
_a320.58 _bGAN/No |
||
| 100 | _aGandhi, M K. | ||
| 245 |
_aNon-violent way to world peace / _cM K Gandhi. _hTextual Documents |
||
| 260 |
_aAhmadabad : _bNavajivan publishing house , _c1959. |
||
| 300 | _a51 ; . | ||
| 365 | _aRs 0.35 | ||
| 504 | _a | ||
| 650 | _aGandhiana | ||
| 942 | _cBK | ||
| 999 |
_c2316 _d2316 |
||